Online
Catalog

Comunicacion y organizaciones empresariales. (Record no. 44520)

MARC details
000 -CABECERA
campo de control de longitud fija 00594nam a2200157 a 4500
001 - NÚMERO DE CONTROL
campo de control 000045031
005 - FECHA Y HORA DE LA ÚLTIMA TRANSACCIÓN
campo de control 20201002045823.0
008 - DATOS DE LONGITUD FIJA--INFORMACIÓN GENERAL
campo de control de longitud fija 150129s1984 sp 000 0 spa d
040 ## - FUENTE DE LA CATALOGACIÓN
Centro catalogador/agencia de origen DO-SdBNP
Lengua de catalogación spa
Centro/agencia transcriptor BNPHU
110 1# - ENTRADA PRINCIPAL--NOMBRE DE ENTIDAD CORPORATIVA
Nombre de entidad corporativa o nombre de jurisdicción como elemento de entrada España
Unidad subordinada Oficina Internacional del Trabajo
-- Confederación Española de Organizaciones Empresariales
9 (RLIN) 73033
245 10 - MENCIÓN DE TÍTULO
Título Comunicacion y organizaciones empresariales.
260 ## - PUBLICACIÓN, DISTRIBUCIÓN, ETC.
Lugar de publicación, distribución, etc. Madrid. :
Nombre del editor, distribuidor, etc. O.I.T.
-- C.E.O.E.
300 ## - DESCRIPCIÓN FÍSICA
Extensión 119 p. ;
Dimensiones 24 cm.
710 1# - PUNTO DE ACCESO ADICIONAL--NOMBRE DE ENTIDAD CORPORATIVA
Nombre de entidad corporativa o nombre de jurisdicción como elemento de entrada Oficina Internacional del Trabajo
9 (RLIN) 7879
710 1# - PUNTO DE ACCESO ADICIONAL--NOMBRE DE ENTIDAD CORPORATIVA
Nombre de entidad corporativa o nombre de jurisdicción como elemento de entrada Confederación Española de Organizaciones Empresariales
9 (RLIN) 73034
Holdings
Estado de retiro Estado de pérdida Restricciones de uso No para préstamo Código de colección Localización permanente Ubicación/localización actual Ubicación en estantería Fecha de adquisición Número de inventario Total de préstamos Signatura topográfica completa Código de barras Fecha visto por última vez Precio válido a partir de Tipo de ítem Koha
      Excluido de préstamo Monografías: Libros y Folletos General General En catalogación 29.01.2015 LF1   45031-10 25.06.2020 25.06.2020 No se presta

Powered by Koha